Word Ladder: Goddesses Quiz Stats

 Plays Quiz Updated Apr 27, 2016

Challenge
Share
Tweet
Embed
Score 0/28 Timer 03:00
0 Plays Today
Hint 4-Letter Word % Correct
Shopping center map label: 'You are ____'HERE
98.7%
To take on a new employeeHIRE
98.2%
To walk a mountain trailHIKE
98.1%
'No pain, no ____'GAIN
97.5%
What the postman deliversMAIL
96.9%
A shopping complexMALL
96.8%
● Greek goddess of victory, or an athletic brand ●● NIKE ●
96.3%
Where wheat gets turned into flourMILL
95.2%
Roger Bannister broke the 4-minute barrier on this distanceMILE
94.5%
Primary or centralMAIN
93.6%
Mythically, this river floods due to [last rung]'s tearsNILE
92.6%
Bundle of hayBALE
90.6%
● Queen of the Olympian gods ●● HERA ●
90.5%
Food used to lure preyBAIT
90.3%
Hint 4-Letter Word % Correct
Very strong windGALE
88.9%
To stumble over somethingTRIP
88.6%
To hold firmlyGRIP
87.6%
Horse's strideGAIT
85.2%
Group of three, such as the FatesTRIO
85.1%
● Greek goddess of the Earth ●● GAIA ●
84.3%
● Greek goddess of rainbows, or a part of the eye ●● IRIS ●
84.2%
Corner of a baseball diamondBASE
83.6%
Swanky affairGALA
83.2%
Sandpaper statisticGRIT
81.5%
● Egyptian goddess of cats and protection ●● BAST ●
77.5%
Jewish rite for newborn boysBRIS
60.6%
Vivacity; 'allegro con ____'BRIO
58.6%
● Egyptian goddess of marriage and wisdom ●● ISIS ●
55.5%

Today's Daily Dose

Missing Word
US Newspapers

Word Ladder
Shawn Mendes

On This Day
October 18th II

You're not logged in!

Compare scores with friends on all Sporcle quizzes.
Join for Free
OR
Log In

You Might Also Like...

Show Comments

Extras

Top Quizzes Today


Score Distribution

Your Account Isn't Verified!

In order to create a playlist on Sporcle, you need to verify the email address you used during registration. Go to your Sporcle Settings to finish the process.

Report this User

Report this user for behavior that violates our Community Guidelines.

Details: